000 00423nam a2200193Ia 4500
005 20250425160911.0
008 250425s9999 xx 000 0 und d
041 _aspa
082 _a582.12
100 _aLAGUERENNE, ALICIA
245 0 _aCOMO HACER UN HERBARIO
250 _a1A ED.
260 _aMEXICO
260 _aMéxico
_bCECSA
_c1972
300 _a32
650 _aHERBARIO
942 _c01
010 _a7916
999 _c198461
_d198461